000 00408 a2200157 4500
005 20250616114444.0
020 _a0-07-286471-0
082 _a658.8 PER
100 _aPERREAULT, D. W
245 _aApplications in Basic Marketing
250 _a2005-2006 Ed.
260 _aNew York
_bMcGraw-Hill Irwin
_c2005.
300 _avii,215p.: ill.; pictures
_c25cm
700 _aE. Jerome McCarthy
942 _2ddc
_cBKS
999 _c4116
_d4116